| 000 | 00629nam a22001937a 4500 | ||
|---|---|---|---|
| 005 | 20240618134239.0 | ||
| 008 | 220510b ||||| |||| 00| 0 eng d | ||
| 040 | _cAL | ||
| 041 | _aKannada | ||
| 082 |
_223 _a320.01K _bGOWS |
||
| 100 |
_aV.H.Gowda ವಿ.ಎಚ್.ಗೌಡ _9171133 |
||
| 245 | _aSamakalina spandana ಸಮಕಾಲೀನ ಸ್ಪಂದನ | ||
| 260 |
_aMysore _bSamanvaya prakashana ಸಮನ್ವಯ ಪ್ರಕಾಶನ _c1990 |
||
| 300 |
_axvi,547 p. _bPB _c21x14 cm. |
||
| 365 |
_c₹ _d₹60.00 |
||
| 650 |
_aA collection of articles _935744 |
||
| 700 |
_aGOWDA (V H) _935745 |
||
| 942 |
_2ddc _cGF |
||
| 999 |
_c222863 _d222863 |
||